| 000 | 00459cam a2200193 4500 | ||
|---|---|---|---|
| 001 | D6381 | ||
| 008 | 090401t1978 xxu||||| |||| 00| 0 eng d | ||
| 035 | _a(Sirsi) u500 | ||
| 041 | _aeng | ||
| 050 | _a526.9 | ||
| 100 | _aKissam, Phillip | ||
| 245 | _aSurveying practice: the fundamentals of surveying | ||
| 250 | _a3rd | ||
| 260 |
_aNew York _bMcGraw-Hill _c1978 |
||
| 300 | _aviii. 502p. 23cm | ||
| 350 | _a10.45 | ||
| 942 | _n0 | ||
| 948 | _c04/03/1997 | ||
| 999 |
_c85564 _d85564 |
||